| 000 | 00585nam a22002052 4500 | ||
|---|---|---|---|
| 001 | 8768 | ||
| 003 | BD-RjUL | ||
| 005 | 20211208234640.0 | ||
| 008 | 140119r19651947enka 000 0 eng d | ||
| 035 |
_a(BD-RjUL )8813 _aOCLC ocm04580991 from D971008M |
||
| 040 |
_aXAV _cXAV _dEQO _dBD-RjUL _beng |
||
| 041 | _aeng | ||
| 082 | 0 | 4 |
_219 _a512 _bPAA 1965 |
| 100 | 1 |
_aPage, A. _921630 |
|
| 245 | 1 | 0 |
_aAlgebra / _cby A. Page. |
| 260 |
_aLondon : _bUniversity of London Press, _c1947[Reprinted 1965]. |
||
| 300 |
_avii, 346 p. : _bill. ; _c23 cm. |
||
| 650 | 0 |
_aAlgebra. _927264 |
|
| 942 |
_2ddc _cBK |
||
| 999 |
_c8768 _d8768 |
||